000 00344pab a2200145 454500
008 180718b1984 xxu||||| |||| 00| 0 eng d
100 _aRao, P.S.
245 _aCondition monitoring - the latest maintenance technique
260 _c1984
300 _a43-8
362 _aJan.
650 _aMaintenance
773 _aLok Udyog
909 _a12946
999 _c12946
_d12946